Statistiques concernant Les pays qui terminant en SIE

Cliquez ici pour prendre le quiz!

Statistiques générales

  • Ce quiz a été pris 176 fois
  • Le résultat moyen est 4 sur 6

Statistiques - réponses

pays% Correct
Malaisie
76%
Russie
72%
Indonésie
66%
Tunisie
57%
Biélorussie
55%
Micronésie
42%

Distribution des résultats

Percentile par nombre de réponses

% des personnes avec chaque résultat

Votre développement - résultats

Vous n’avez pas pris ce quiz